Roundtable viewpoints : (Record no. 833)
[ view plain ]
| 000 -LEADER | |
|---|---|
| fixed length control field | 00856cas a2200205 a 4500 |
| 001 - CONTROL NUMBER | |
| control field | 15340674 |
| 005 - DATE AND TIME OF LATEST TRANSACTION | |
| control field | 20241107172914.0 |
| 008 - FIXED-LENGTH DATA ELEMENTS--GENERAL INFORMATION | |
| fixed length control field | 080623c20089999nyufr p 0 a0eng c |
| 020 ## - INTERNATIONAL STANDARD BOOK NUMBER | |
| International Standard Book Number | 9780073527291 |
| 050 00 - LIBRARY OF CONGRESS CALL NUMBER | |
| Classification number | KF889 |
| Item number | .R687 / .3 2009 |
| 082 10 - DEWEY DECIMAL CLASSIFICATION NUMBER | |
| Classification number | 346 |
| Edition information | 14 |
| 245 00 - TITLE STATEMENT | |
| Title | Roundtable viewpoints : |
| Name of part/section of a work | Business law / |
| Statement of responsibility, etc. | selected, edited & with introductions and summaries by: M. Neil Browne; Nancy K. Kubasek |
| 260 ## - PUBLICATION, DISTRIBUTION, ETC. | |
| Place of publication, distribution, etc. | New York, NY : |
| Name of publisher, distributor, etc. | McGraw-Hill |
| Date of publication, distribution, etc. | c2009 |
| 300 ## - PHYSICAL DESCRIPTION | |
| Extent | xx, 580 pages |
| Other physical details | Index |
| Dimensions | 23cm |
| 650 #0 - SUBJECT ADDED ENTRY--TOPICAL TERM | |
| Topical term or geographic name entry element | Commercial law |
| Geographic subdivision | United States. |
| 650 #7 - SUBJECT ADDED ENTRY--TOPICAL TERM | |
| Topical term or geographic name entry element | Commercial law. |
| Source of heading or term | fast |
| Authority record control number or standard number | (OCoLC)fst00869502 |
| 700 ## - ADDED ENTRY--PERSONAL NAME | |
| Personal name | M. Neil Browne (Bowling Green State University) |
| Relator term | selected, edited & with introductions and summaries |
| 700 ## - ADDED ENTRY--PERSONAL NAME | |
| Personal name | Nancy K. Kubasek (Bowling Green State University) |
| Relator term | selected, edited & with introductions and summaries |
| 942 ## - ADDED ENTRY ELEMENTS (KOHA) | |
| Source of classification or shelving scheme | Library of Congress Classification |
| Koha item type | Books |
| Suppress in OPAC | No |
| 999 ## - | |
| -- | 833 |
| -- | 833 |
| Withdrawn status | Lost status | Source of classification or shelving scheme | Damaged status | Not for loan | Collection | Home library | Current library | Shelving location | Date acquired | Total checkouts | Full call number | Barcode | Date last seen | Copy number | Price effective from | Koha item type |
|---|---|---|---|---|---|---|---|---|---|---|---|---|---|---|---|---|
| Library of Congress Classification | Non-fiction | Law Library (Christ Temple) | Law Library (Christ Temple) | General stacks | 02/06/2025 | KF889.3 BRO | LLCT00000389 | 02/06/2025 | 5 | 02/06/2025 | Books | |||||
| Library of Congress Classification | Non-fiction | Law Library (Christ Temple) | Law Library (Christ Temple) | General stacks | 02/06/2025 | KF889.3 BRO | LLCT00000390 | 02/06/2025 | 6 | 02/06/2025 | Books | |||||
| Library of Congress Classification | Non-fiction | Law Library (Kumasi) | Law Library (Kumasi) | General stacks | 02/04/2025 | KF 889.3 BRO | llk00000050 | 02/04/2025 | 4 | 02/04/2025 | Books | |||||
| Library of Congress Classification | Non-fiction | Law Library (Kumasi) | Law Library (Kumasi) | General stacks | 05/05/2025 | KF889.3 Bro | LLK00000136 | 05/05/2025 | 7 | 05/05/2025 | Books | |||||
| Library of Congress Classification | Non-fiction | Law Library (Miotso) | Law Library (Miotso) | General stacks | 11/07/2024 | KF889.3 BRO | llm00000705 | 11/07/2024 | 1 | 11/07/2024 | Books | |||||
| Library of Congress Classification | Non-fiction | Law Library (Miotso) | Law Library (Miotso) | General stacks | 11/07/2024 | KF889.3 BRO | llm00000706 | 11/07/2024 | 2 | 11/07/2024 | Books | |||||
| Library of Congress Classification | Non-fiction | Law Library (Miotso) | Law Library (Miotso) | General stacks | 11/07/2024 | KF889.3 BRO | llm00000707 | 11/07/2024 | 3 | 11/07/2024 | Books |